Mystery of the flying express, (Record no. 14574)

MARC details
000 -LEADER
fixed length control field 01979nam a22003377a 4500
001 - CONTROL NUMBER
control field B-264885-890
005 - DATE AND TIME OF LATEST TRANSACTION
control field 20080724113923.0
008 - FIXED-LENGTH DATA ELEMENTS--GENERAL INFORMATION
fixed length control field 080724t xxu||||| |||| 00| 0 eng d
010 ## - LIBRARY OF CONGRESS CONTROL NUMBER
LC control number B-264885-890
020 ## - INTERNATIONAL STANDARD BOOK NUMBER
International Standard Book Number 0448089203
035 ## - SYSTEM CONTROL NUMBER
System control number B-264885-890
040 ## - CATALOGING SOURCE
Original cataloging agency DLC
082 ## - DEWEY DECIMAL CLASSIFICATION NUMBER
Classification number N
100 ## - MAIN ENTRY--PERSONAL NAME
Personal name Dixon, Franklin W.
245 ## - TITLE STATEMENT
Title Mystery of the flying express,
Statement of responsibility, etc by Franklin W. Dixon.
260 ## - PUBLICATION, DISTRIBUTION, ETC. (IMPRINT)
Place of publication, distribution, etc New York,
Name of publisher, distributor, etc Grosset & Dunlap
Date of publication, distribution, etc 2002
300 ## - PHYSICAL DESCRIPTION
Extent 177 p.
Other physical details illus.
Dimensions 20 cm.
350 ## - PRICE (NR) (BK AM CF MU VM SE) [OBSOLETE]
Price 135.00
490 ## - SERIES STATEMENT
Series statement The Hardy boys mystery stories; 20
520 ## - SUMMARY, ETC.
Summary, etc After the new hydrofoil they are guarding is stolen, the Hardy boys face frequent danger in solving a mystery involving criminals who operate by signs of the zodiac.
650 ## - SUBJECT ADDED ENTRY--TOPICAL TERM
Topical term or geographic name as entry element Mystery and detective stories.
942 ## - ADDED ENTRY ELEMENTS (KOHA)
Source of classification or shelving scheme Dewey Decimal Classification
Koha item type Children Books
Classification part N
Call number suffix DIX
Holdings
Withdrawn status Lost status Source of classification or shelving scheme Damaged status Not for loan Collection code Home library Current library Date acquired Cost, normal purchase price Total Checkouts Full call number Barcode Date last seen Date checked out Copy number Cost, replacement price Price effective from Koha item type Total Renewals Source of acquisition
    Dewey Decimal Classification     Fiction Central Library Central Library 24/07/2008 135.00 2 S / DIX B-264885 27/02/2026 13/02/2026 1 135.00 15/09/2008 Children Books    
    Dewey Decimal Classification     Fiction Karol Bagh Karol Bagh 24/07/2008 135.00   S / DIX B-264889 15/09/2008   1 135.00 15/09/2008 Children Books    
    Dewey Decimal Classification     Fiction Patel Nagar Patel Nagar 24/07/2008 135.00 6 S / DIX B-264886 06/07/2022 06/06/2022 1 135.00 15/09/2008 Children Books 3  
    Dewey Decimal Classification     Fiction Peshwa Road Peshwa Road 24/07/2008 135.00   S / DIX B-264887 15/09/2008   1 135.00 15/09/2008 Children Books    
    Dewey Decimal Classification     Fiction Sarojini Nagar Sarojini Nagar 24/07/2008 135.00 6 S / DIX B-264888 13/09/2025 06/08/2025 1 135.00 15/09/2008 Children Books 3  
    Dewey Decimal Classification     Fiction Shahdara Branch Shahdara Branch 24/07/2008 135.00   S / DIX B-264890 15/09/2008   1 135.00 15/09/2008 Children Books    
          Fiction Vinoba Puri Vinoba Puri 02/09/2008 135.00 6 N DIX B-284689 06/04/2019 23/03/2019 1 135.00 15/09/2008 Children Books   Blueberry/4571/19.8.08/192/21.7.08/19.8.08

© Delhi Public Library
Hit Counter
free hit counter